000 00415nam a2200097Ia 4500
008 220204s9999 xx 000 0 und d
082 _a338.43
_bNAA
245 0 _aMDP Workshop on policy and Prioritization Monitoring and Evaluation (PME), 11-17 March 2008, National Academy of Horticultural Research Management, Hyderabad
260 _aHyderabad
_bNational Academy of Agricultural Research Management
_c2008
942 _cBK
999 _c44700
_d44700